000 00227nam a22001097a 4500
082 _a823
_bJOY/B
100 _aJOYCE, MELANIE
245 _aBUSY SCHOOL
260 _aUK
_bLADYBIRD
650 _aENGLISH SHORT STORY
_zUK
942 _cBK
999 _c4494
_d4494